[Event "24th ch-EUR Indiv w 2024"]
[Site "Rhodes GRE"]
[Date "2024.04.28"]
[Round "9.23"]
[White "Narva, Mai"]
[Black "Toma, Katarzyna"]
[Result "1-0"]
[WhiteTitle "IM"]
[BlackTitle "WGM"]
[WhiteElo "2401"]
[BlackElo "2202"]
[WhiteFideId "4500512"]
[BlackFideId "1119907"]
[EventDate "2024.04.19"]

1. e4 c5 2. Nf3 d6 3. d4 cxd4 4. Nxd4 Nf6 5. Nc3 a6 6. Bc4 e6 7. Be3 Be7 8. Bb3
b5 9. f3 Bb7 10. Bxe6 fxe6 11. Nxe6 Qc8 12. Nxg7+ Kf7 13. Nf5 b4 14. Na4 Nbd7
15. O-O Qc6 16. c3 d5 17. Nxe7 Kxe7 18. e5 Nxe5 19. cxb4 Qb5 20. Bd4 Ned7 21. a3
Kf7 22. Nc3 Qc6 23. Ne2 Rac8 24. Bc3 Qb6+ 25. Kh1 Rhg8 26. Nd4 Rce8 27. Qd2 Rg6
28. Qf4 Nf8 29. Nf5 Ne6 30. Qh4 Nf8 31. Bd4 Qe6 32. Nh6+ Kg7 33. Ng4 Nd7 34.
Rae1 Qg8 35. f4 Rxg4 36. Qxg4+ Kf7 37. Qh3 Re4 38. Rxe4 dxe4 39. Rc1 Bd5 40. Rc7
Qd8 41. Qc3 Be6 42. Ra7 Qb8 43. Qe3 Qb5 44. Bxf6 Kxf6 45. Kg1 h5 46. Kf2 Kf5 47.
Rc7 Qd5 48. Rc2 Nf6 49. h3 Qd3 50. Rc5+ Bd5 51. Qxd3 exd3 52. Ke3 d2 53. g4+
hxg4 54. hxg4+ Kxg4 55. Kxd2 Ne4+ 56. Ke3 Nxc5 57. Kd4 Bb7 58. Kxc5 Kxf4 59. a4
Ke5 60. a5 Bc8 61. b5 axb5 62. Kxb5 Kd6 63. Kb6 Be6 64. b4 Bd5 65. b5 Kd7 66.
Ka7 Bc4 67. b6 1-0

[Event "24th ch-EUR Indiv w 2024"]
[Site "Rhodes GRE"]
[Date "2024.04.28"]
[Round "9.24"]
[White "Atalik, Ekaterina"]
[Black "Sandu, Mihaela"]
[Result "0-1"]
[WhiteTitle "IM"]
[BlackTitle "WGM"]
[WhiteElo "2406"]
[BlackElo "2253"]
[WhiteFideId "4130189"]
[BlackFideId "1204327"]
[EventDate "2024.04.19"]

1. c4 e5 2. Nc3 g6 3. Nf3 Bg7 4. e3 f5 5. d4 e4 6. Nd2 c6 7. h4 Nf6 8. h5 d5 9.
Be2 Be6 10. b3 O-O 11. hxg6 hxg6 12. Bb2 a5 13. Qc2 Na6 14. c5 Nb4 15. Qb1 f4
16. a3 fxe3 17. fxe3 Ng4 18. Bxg4 Bxg4 19. axb4 Qg5 20. Nd1 Bh5 21. Nxe4 dxe4
22. Rg1 Qg3+ 23. Kd2 Rf2+ 24. Kc1 Bxd1 25. Qxe4 Bxb3 0-1

[Event "24th ch-EUR Indiv w 2024"]
[Site "Rhodes GRE"]
[Date "2024.04.28"]
[Round "9.25"]
[White "Skuhala, Barbara"]
[Black "Danielian, Elina"]
[Result "0-1"]
[WhiteTitle "WFM"]
[BlackTitle "GM"]
[WhiteElo "2162"]
[BlackElo "2397"]
[WhiteFideId "14605465"]
[BlackFideId "13300210"]
[EventDate "2024.04.19"]

1. e4 e6 2. d4 d5 3. Nc3 Nf6 4. Bg5 Bb4 5. e5 h6 6. Bd2 Bxc3 7. bxc3 Ne4 8. Bc1
c5 9. Qg4 g6 10. Bd3 Nxc3 11. dxc5 Qa5 12. Bd2 Qa4 13. Qg3 Ne4 14. Qf4 Bd7 15.
Bxe4 dxe4 16. Ne2 Bc6 17. O-O Nd7 18. Rfe1 Qc4 19. Be3 g5 20. Qg3 Nxc5 21. Nd4
Bd5 22. Rab1 a6 23. a3 Nd7 24. Nb3 Qc3 25. Bd4 Qxg3 26. fxg3 Rc8 27. c3 b5 28.
Nd2 Ke7 29. Nxe4 Bxe4 30. Rxe4 Nc5 31. Re3 Na4 32. Kf2 Rc6 33. Ke2 Rhc8 34. Kd2
Rd8 35. Ke2 Rxd4 36. cxd4 Nc3+ 37. Rxc3 Rxc3 38. Ra1 Rc2+ 39. Kf3 h5 40. h3 g4+
41. hxg4 hxg4+ 42. Kxg4 Rd2 43. Rc1 Rxd4+ 44. Kh3 Rc4 45. Rd1 Ra4 46. Rd3 Kf8
47. g4 Re4 48. Kh4 Rxe5 49. Rd6 a5 0-1

[Event "24th ch-EUR Indiv w 2024"]
[Site "Rhodes GRE"]
[Date "2024.04.28"]
[Round "9.26"]
[White "Gaal, Zsoka"]
[Black "Hryzlova, Sofiia"]
[Result "1-0"]
[WhiteTitle "WIM"]
[BlackTitle "WIM"]
[WhiteElo "2356"]
[BlackElo "2251"]
[WhiteFideId "777765"]
[BlackFideId "14174669"]
[EventDate "2024.04.19"]

1. d4 e6 2. c4 Nf6 3. Nc3 Bb4 4. e3 O-O 5. Bd3 d5 6. a3 Bxc3+ 7. bxc3 dxc4 8.
Bxc4 c5 9. Ne2 Qc7 10. Ba2 b6 11. O-O Ba6 12. Re1 Rd8 13. Ng3 Nc6 14. Bb2 Na5
15. e4 Bc4 16. Bxc4 Nxc4 17. Bc1 Ne8 18. h4 cxd4 19. cxd4 Qd6 20. d5 Qe5 21. Rb1
exd5 22. Bg5 Rd6 23. Nf5 dxe4 24. Nxd6 Nexd6 25. a4 h6 26. Bc1 Re8 27. Qb3 Qf6
28. Qh3 Re6 29. Be3 Qe5 30. Red1 Qa5 31. Bf4 Rf6 32. Bxd6 Nxd6 33. Rbc1 Qh5 34.
Rd4 Kh7 35. Qh2 Qg6 36. h5 Qg5 37. Rcd1 Nb7 38. Rxe4 Nc5 39. Red4 Qf5 40. Qh4
Ne6 41. Rd6 Qe5 42. Qg4 Rf4 43. Qh3 Nc5 44. Rd8 Qe2 45. Qg3 Rf5 46. R8d5 Qxh5
47. Rxf5 Qxf5 48. Rd4 Qe6 49. Qf4 g6 50. f3 Kg7 51. Kh2 g5 52. Qg3 a6 53. Rd6
Qe2 54. Rxb6 Nxa4 55. Rc6 Qb5 56. Qd6 Qf5 57. Qd4+ f6 58. Qxa4 Qe5+ 59. f4 gxf4
60. Qc2 f3+ 61. g3 Qh5+ 62. Kg1 f2+ 63. Qxf2 1-0

[Event "24th ch-EUR Indiv w 2024"]
[Site "Rhodes GRE"]
[Date "2024.04.28"]
[Round "9.27"]
[White "Mkrtchyan, Mariam"]
[Black "Lehaci, Miruna-Daria"]
[Result "0-1"]
[WhiteTitle "WIM"]
[BlackTitle "WIM"]
[WhiteElo "2354"]
[BlackElo "2242"]
[WhiteFideId "13310828"]
[BlackFideId "1234765"]
[EventDate "2024.04.19"]

1. d4 Nf6 2. c4 e6 3. Nf3 d5 4. Nc3 c6 5. g3 dxc4 6. Bg2 Nbd7 7. O-O b5 8. e4
Bb7 9. e5 Nd5 10. Ng5 h6 11. Nxe6 fxe6 12. Qh5+ Ke7 13. Bg5+ hxg5 14. Qxh8 Qe8
15. Ne4 Kd8 16. Nxg5 Kc7 17. Bh3 Kb6 18. Nxe6 Qg6 19. Qh4 Be7 20. Nf4 Nxf4 21.
Qxf4 Nf8 22. Rad1 Bc8 23. Bxc8 Rxc8 24. Rfe1 Ne6 25. Qe4 Qh5 26. h4 Rf8 27. a4
a6 28. a5+ Kc7 29. d5 cxd5 30. Rxd5 Qf3 31. Qxf3 Rxf3 32. Kg2 Rb3 33. Re2 b4 34.
Red2 c3 35. bxc3 bxc3 36. Rc2 Bc5 37. Rd3 Bd4 38. f4 Rb2 39. Rdd2 Nc5 40. Re2
Nd3 41. e6 0-1

[Event "24th ch-EUR Indiv w 2024"]
[Site "Rhodes GRE"]
[Date "2024.04.28"]
[Round "9.28"]
[White "Zawadzka, Jolanta"]
[Black "Eric, Jovana"]
[Result "1-0"]
[WhiteTitle "WGM"]
[BlackTitle "WGM"]
[WhiteElo "2351"]
[BlackElo "2162"]
[WhiteFideId "1122320"]
[BlackFideId "938238"]
[EventDate "2024.04.19"]

1. Nf3 d5 2. e3 Nf6 3. c4 c6 4. Nc3 Bf5 5. cxd5 cxd5 6. Qb3 Bc8 7. Bb5+ Nc6 8.
e4 e6 9. d3 a6 10. Bxc6+ bxc6 11. O-O Be7 12. Bf4 O-O 13. Rac1 Bd7 14. h3 Be8
15. Na4 a5 16. Rfe1 c5 17. Nxc5 a4 18. Qb7 dxe4 19. dxe4 Bxc5 20. Rxc5 Bd7 21.
Bd6 Re8 22. Ne5 Rc8 23. Rec1 Rxc5 24. Rxc5 Qa8 25. Rc7 Qxb7 26. Rxb7 Bc8 27. Rb4
a3 28. bxa3 Ba6 29. f3 Rc8 30. Rb6 Rc1+ 31. Kf2 Bc8 32. Rb8 Ne8 33. Bb4 f6 34.
Nd3 Rc6 35. e5 Kf7 36. Ke3 Ba6 37. Nc5 Bc4 38. Kd4 Bxa2 39. Ne4 Rc4+ 40. Kd3
fxe5 41. Bc5 Rc1 42. Ng5+ Kg6 43. Be3 Bb1+ 44. Ke2 Rc2+ 45. Bd2 h6 46. Ne4 1-0

[Event "24th ch-EUR Indiv w 2024"]
[Site "Rhodes GRE"]
[Date "2024.04.28"]
[Round "9.29"]
[White "Radeva, Viktoria"]
[Black "Gajcin, Marina"]
[Result "1/2-1/2"]
[WhiteTitle "WGM"]
[BlackTitle "WGM"]
[WhiteElo "2315"]
[BlackElo "2224"]
[WhiteFideId "2915405"]
[BlackFideId "949086"]
[EventDate "2024.04.19"]

1. e4 c5 2. Nf3 Nc6 3. Bc4 e6 4. O-O a6 5. Re1 Be7 6. c3 d5 7. exd5 exd5 8. Bb3
Nf6 9. d4 c4 10. Bc2 Bg4 11. Bg5 O-O 12. Nbd2 Bh5 13. Nf1 Bg6 14. Ng3 Re8 15.
Bxg6 hxg6 16. Ne5 Ne4 17. Bxe7 Rxe7 18. Nxe4 Nxe5 19. dxe5 dxe4 20. Rxe4 Qxd1+
21. Rxd1 g5 22. g3 Rae8 23. Rxc4 Rxe5 24. Rc7 b5 25. Rdd7 Rf5 26. Re7 Rd8 27.
Rcd7 Rc8 28. Re4 Rc6 29. Kg2 Rcf6 30. Rd2 Rc5 31. Red4 Re6 32. Rd6 Rxd6 33. Rxd6
a5 34. Ra6 a4 35. a3 f6 36. Ra7 Kh7 37. Re7 Rd5 38. Kf3 f5 39. Ke3 g4 40. Ke2
Kh6 41. f3 gxf3+ 42. Kxf3 Rd2 43. Re2 Rd5 44. Rc2 g5 45. h3 Rd3+ 46. Kg2 Kg6 47.
c4 bxc4 48. Rxc4 Rd2+ 49. Kf3 Rxb2 50. Rxa4 Rb3+ 51. Kf2 Rb2+ 52. Kf3 Rb3+ 1/2-1/2

[Event "24th ch-EUR Indiv w 2024"]
[Site "Rhodes GRE"]
[Date "2024.04.28"]
[Round "9.30"]
[White "Antolak, Julia"]
[Black "Dornbusch, Tatiana"]
[Result "1-0"]
[WhiteTitle "WGM"]
[BlackTitle "WGM"]
[WhiteElo "2309"]
[BlackElo "2199"]
[WhiteFideId "1159569"]
[BlackFideId "14107449"]
[EventDate "2024.04.19"]

1. d4 Nf6 2. c4 c5 3. d5 b5 4. cxb5 a6 5. e3 g6 6. Nc3 Bg7 7. e4 O-O 8. a4 e6 9.
e5 Nxd5 10. Nxd5 exd5 11. Qxd5 Ra7 12. Nf3 d6 13. Bg5 Qe8 14. Qxd6 Bg4 15. Be2
Bxf3 16. gxf3 Bxe5 17. Qxc5 Rc7 18. Qe3 Bxb2 19. Qxe8 Rxe8 20. Rb1 Bc3+ 21. Kf1
a5 22. Be3 Bb4 23. Kg2 Rc2 24. Bd1 Rc7 25. Bb3 Bc5 26. Rbc1 Rec8 27. Bf4 Rb7 28.
Rhd1 Nd7 29. Bd5 Ra7 30. Bc6 Ba3 31. Ra1 Bb2 32. Rxd7 Rxd7 33. Bxd7 Rc4 34. Rb1 1-0

[Event "24th ch-EUR Indiv w 2024"]
[Site "Rhodes GRE"]
[Date "2024.04.28"]
[Round "9.31"]
[White "Prado Acebo, Ines"]
[Black "Babiy, Olga"]
[Result "1/2-1/2"]
[WhiteTitle "WFM"]
[BlackTitle "WGM"]
[WhiteElo "2229"]
[BlackElo "2306"]
[WhiteFideId "22251235"]
[BlackFideId "14117258"]
[EventDate "2024.04.19"]

1. d4 Nf6 2. c4 e6 3. g3 c5 4. d5 exd5 5. cxd5 d6 6. Nc3 g6 7. Bg2 Bg7 8. Nf3
O-O 9. O-O a6 10. a4 Nbd7 11. Bf4 Qe7 12. e4 Nh5 13. Bg5 f6 14. Be3 Ne5 15. Nxe5
fxe5 16. Qd2 Rb8 17. a5 b5 18. axb6 Rxb6 19. Ra2 Nf6 20. f3 Qb7 21. Rfa1 Ne8 22.
Nb1 Bd7 23. Na3 Rb4 24. Qc1 a5 25. Bd2 a4 26. Nc4 Rf7 27. Bxb4 cxb4 28. Rxa4
Bxa4 29. Rxa4 b3 30. Qc3 Bh6 31. Bh3 Rc7 32. Qb4 Qxb4 33. Rxb4 Bc1 34. Bf1 Kf8
35. Rxb3 Ke7 36. Kf2 h5 37. Bd3 h4 38. Na5 hxg3+ 39. hxg3 Kf6 40. Rb8 Kf7 41.
Nc6 Nf6 42. b4 Nd7 43. Ra8 Bg5 44. Ba6 Nb6 45. Rh8 Kg7 46. Rh1 Nd7 47. Ke2 Nb6
48. Kd3 Rf7 49. Rf1 Kg8 50. Na5 Rh7 51. Nc4 Nxc4 52. Kxc4 Rh2 53. Rb1 Be3 54.
Rb3 Bg1 55. Kb5 Rc2 56. Bb7 Kf7 57. Bc6 Ra2 58. Bb7 Rc2 59. Ra3 Rb2 60. Rc3 Ke7
61. Ka4 g5 62. Bc8 Bf2 63. Bg4 Bxg3 64. Rc7+ Ke8 65. Rc1 Bf4 66. Rc8+ Ke7 67.
Rc7+ Kf8 68. Ka3 Rb1 69. Rc2 Bg3 70. Bd7 Be1 71. Rc4 Ke7 72. Ba4 Ra1+ 73. Kb3
Rb1+ 74. Kc2 Rxb4 75. Rc7+ Kf8 76. Rc8+ Ke7 77. Bc6 Rd4 78. Re8+ 1/2-1/2

[Event "24th ch-EUR Indiv w 2024"]
[Site "Rhodes GRE"]
[Date "2024.04.28"]
[Round "9.32"]
[White "Zherebtsova, Alexandra"]
[Black "Kirtadze, Anastasia"]
[Result "0-1"]
[WhiteTitle "WFM"]
[BlackTitle "WFM"]
[WhiteElo "2302"]
[BlackElo "2044"]
[WhiteFideId "24129518"]
[BlackFideId "13622714"]
[EventDate "2024.04.19"]

1. d4 Nf6 2. c4 e6 3. Nc3 Bb4 4. e3 O-O 5. Bd2 c5 6. a3 Bxc3 7. Bxc3 Ne4 8. Ne2
b6 9. d5 d6 10. f3 Nxc3 11. Nxc3 e5 12. Bd3 f5 13. h4 a6 14. Qc2 h6 15. O-O-O
Bd7 16. Rdg1 b5 17. g4 b4 18. Nb1 bxa3 19. bxa3 e4 20. Be2 exf3 21. Bxf3 fxg4
22. Bxg4 Qe7 23. Qc3 Bxg4 24. Rxg4 Nd7 25. Rg6 Ne5 26. Re6 Qb7 27. Rxd6 Rab8 28.
Nd2 Nf3 29. Rf1 Nxd2 30. Rxf8+ Rxf8 31. Kxd2 Rf2+ 32. Ke1 Rh2 33. Qd3 Rh1+ 34.
Kf2 Qb2+ 35. Kf3 Rh3+ 36. Ke4 Rxh4+ 37. Kf5 Rh5+ 38. Ke6 Re5+ 39. Kd7 Qb7+ 0-1

[Event "24th ch-EUR Indiv w 2024"]
[Site "Rhodes GRE"]
[Date "2024.04.28"]
[Round "9.33"]
[White "Manakova, Maria"]
[Black "Rudzinska, Michalina"]
[Result "1-0"]
[WhiteTitle "WGM"]
[BlackTitle "WIM"]
[WhiteElo "2148"]
[BlackElo "2302"]
[WhiteFideId "927007"]
[BlackFideId "1172883"]
[EventDate "2024.04.19"]

1. e4 c6 2. d4 d5 3. Nd2 dxe4 4. Nxe4 Nf6 5. Nxf6+ exf6 6. c3 Bd6 7. Bd3 O-O 8.
Qc2 Re8+ 9. Ne2 h5 10. O-O h4 11. h3 Nd7 12. Bd2 Nf8 13. Rae1 Bc7 14. f4 g6 15.
f5 g5 16. Rf3 c5 17. Bc4 Qd6 18. Qb3 Re7 19. Re3 b5 20. Qxb5 Rb8 21. Qxc5 Qh2+
22. Kf1 Bd6 23. Qa5 Rc7 24. b3 Bb7 25. Bd5 Rc5 26. Qxc5 Bxc5 27. Bxb7 Bd6 28.
Bf3 a5 29. c4 a4 30. c5 axb3 31. axb3 Bc7 32. b4 g4 33. Bxg4 Ra8 34. Bf3 Ra2 35.
Rd3 Nh7 36. d5 Ng5 37. d6 Nxf3 38. dxc7 Qxc7 39. gxf3 Qh2 40. f4 Qh1+ 41. Ng1
Qh2 42. Rd1 Rc2 43. Rd6 Qh1 44. Rc1 Rxc1+ 45. Bxc1 Qe4 46. Bd2 Qxf5 47. c6 Qb5+
48. Kf2 Kf8 49. c7 1-0

[Event "24th ch-EUR Indiv w 2024"]
[Site "Rhodes GRE"]
[Date "2024.04.28"]
[Round "9.34"]
[White "Abdinova, Narmin"]
[Black "Zhukova, Natalia"]
[Result "1/2-1/2"]
[BlackTitle "GM"]
[WhiteElo "2087"]
[BlackElo "2301"]
[WhiteFideId "13425340"]
[BlackFideId "14101513"]
[EventDate "2024.04.19"]

1. c4 e6 2. e4 b6 3. Nc3 Bb7 4. d4 Bb4 5. Bd3 f5 6. d5 fxe4 7. Bxe4 Nf6 8. Bg5
exd5 9. Bxd5 Qe7+ 10. Ne2 Bxc3+ 11. bxc3 Nc6 12. O-O O-O-O 13. Nd4 Qe5 14. Qd2
Nxd4 15. cxd4 Qf5 16. Bxb7+ Kxb7 17. Bxf6 gxf6 18. a4 Rhg8 19. f3 Rde8 20. a5
Qe6 21. axb6 axb6 22. Qa2 Ra8 23. Qb3 Qe2 24. g3 Rge8 25. Rxa8 Rxa8 26. Rf2 Qe1+
27. Kg2 Ra1 28. Qb2 Rb1 29. Qa2 Ra1 30. Qb2 Qg1+ 31. Kh3 Rf1 32. Re2 Rxf3 33.
Qc2 f5 34. Qd2 Qb1 35. Re7 Qf1+ 36. Qg2 Qxg2+ 37. Kxg2 Rc3 38. Rxh7 d6 39. Rf7
Rc2+ 40. Kg1 Rxc4 41. d5 b5 42. Rxf5 b4 43. Rf1 Rd4 44. Rb1 Kb6 45. Kf2 Kb5 46.
h4 Rxd5 47. g4 Rd2+ 48. Kg3 Rd3+ 49. Kg2 Rd2+ 50. Kg3 Rd3+ 51. Kg2 Rd2+ 52. Kg3
Rd3+ 53. Kg2 Rd2+ 54. Kg3 1/2-1/2

[Event "24th ch-EUR Indiv w 2024"]
[Site "Rhodes GRE"]
[Date "2024.04.28"]
[Round "9.35"]
[White "Hapala, Elisabeth"]
[Black "Klek, Hanna Marie"]
[Result "1/2-1/2"]
[WhiteTitle "WFM"]
[BlackTitle "WGM"]
[WhiteElo "2044"]
[BlackElo "2294"]
[WhiteFideId "1622080"]
[BlackFideId "24670057"]
[EventDate "2024.04.19"]

1. e4 e5 2. Nf3 Nc6 3. Bb5 g6 4. d4 exd4 5. c3 a6 6. Bc4 Nf6 7. e5 Nh5 8. O-O
Be7 9. Bh6 d5 10. exd6 Qxd6 11. Qb3 Be6 12. Bxe6 fxe6 13. Qxb7 Rb8 14. Qxa6 e5
15. Nbd2 g5 16. Bxg5 Bxg5 17. Ne4 Qg6 18. Nexg5 O-O 19. Qe2 Nf4 20. Qe4 Rxb2 21.
Qxg6+ hxg6 22. cxd4 exd4 23. Rfd1 Ra8 24. g3 Ne2+ 25. Kf1 Nc3 26. Rd3 Nb5 27.
Rd2 Rxd2 28. Nxd2 Nb4 29. a4 Nc3 30. Ne6 Nc2 31. Rc1 d3 32. Nxc7 Rxa4 33. Ne6
Ra2 34. Nf4 Nb4 35. Rxc3 Rxd2 36. Ke1 Ra2 37. Nxd3 Nd5 38. Rc5 Nf6 39. Rc6 Kg7
40. Ne5 g5 41. Kf1 Ne4 42. Ng4 Ra4 43. Kg2 Rb4 44. Ne3 Rb5 45. Rc4 Re5 46. Rc7+
Kg6 47. Rc6+ Kg7 48. Kf3 Nc5 49. Kg4 Ne6 50. h4 gxh4 51. Kxh4 Re4+ 52. g4 Kf6
53. Nf5 Ke5 54. f3 Re1 55. Kg3 Rg1+ 56. Kf2 Ra1 57. Rb6 Ra2+ 58. Kg3 Ra3 59.
Rb5+ Kf6 60. Rd5 Ra4 61. Nd6 Ra3 62. Ne4+ Kg6 63. Rd6 Kf7 64. g5 Ke7 65. Rb6 Nd4
66. Rf6 Re3 67. Nf2 Ra3 68. Kg4 Ra2 69. Ne4 Rg2+ 70. Kf4 Nxf3 71. Kxf3 Rxg5 72.
Kf4 Ra5 73. Rb6 Kf7 74. Nd6+ Ke7 75. Nf5+ Kd7 76. Ke4 Ra1 77. Nd4 Ke7 78. Ke5
Re1+ 79. Kd5 Rd1 80. Re6+ Kf7 81. Re4 Ra1 82. Rf4+ Kg6 83. Nc6 Kg5 84. Rf2 Kg4
85. Nd4 Ra5+ 86. Ke4 Kg5 87. Rf5+ 1/2-1/2

[Event "24th ch-EUR Indiv w 2024"]
[Site "Rhodes GRE"]
[Date "2024.04.28"]
[Round "9.36"]
[White "Terbe, Julianna"]
[Black "Rzali, Sabina"]
[Result "1-0"]
[WhiteTitle "WIM"]
[BlackTitle "WCM"]
[WhiteElo "2274"]
[BlackElo "2039"]
[WhiteFideId "708780"]
[BlackFideId "13410920"]
[EventDate "2024.04.19"]

1. e4 e6 2. d4 d5 3. Nc3 dxe4 4. Nxe4 Nd7 5. Nf3 Ngf6 6. Nxf6+ Nxf6 7. Ne5 Be7
8. Bd3 O-O 9. O-O c5 10. dxc5 Qc7 11. Re1 Qxc5 12. c4 b6 13. Qf3 Ba6 14. Bg5
Rad8 15. Rad1 h6 16. Bf4 Kh8 17. Qh3 Ng8 18. Qh5 g6 19. Qh3 Kg7 20. Qg3 g5 21.
h4 f6 22. hxg5 fxg5 23. Ng6 Rfe8 24. Re5 Qc6 25. Nxe7 Nxe7 26. Bxg5 Rxd3 27.
Bxh6+ Kxh6 28. Qg5+ Kh7 29. Rxd3 Ng6 30. Rh3+ Kg7 31. Rh6 Kf7 32. Rh7+ 1-0

[Event "24th ch-EUR Indiv w 2024"]
[Site "Rhodes GRE"]
[Date "2024.04.28"]
[Round "9.37"]
[White "Piddubna, Bozhena"]
[Black "Starosta, Martyna"]
[Result "1/2-1/2"]
[WhiteTitle "WCM"]
[BlackTitle "WFM"]
[WhiteElo "2005"]
[BlackElo "2254"]
[WhiteFideId "34109293"]
[BlackFideId "21818754"]
[EventDate "2024.04.19"]

1. d4 Nf6 2. c4 e6 3. Nf3 d5 4. g3 dxc4 5. Bg2 Bb4+ 6. Bd2 c5 7. O-O Nc6 8. dxc5
Bxc5 9. Qa4 O-O 10. Qxc4 Be7 11. Nc3 e5 12. Rfd1 Be6 13. Qa4 Qb6 14. Qb5 Qxb5
15. Nxb5 Bc4 16. Nc3 Rfd8 17. h3 Rd7 18. Bg5 Rad8 19. Rxd7 Rxd7 20. Nd2 Be6 21.
Bxc6 bxc6 22. Nf3 h6 23. Nxe5 hxg5 24. Nxd7 Nxd7 25. Kh2 Kf8 26. Rc1 Ke8 27. Ne4
Kd8 28. b3 Kc7 29. Nd2 Nb6 30. Nf3 Nd5 31. Ne5 c5 32. Nd3 Kb6 33. e4 Nb4 34.
Nxb4 cxb4 35. f4 g6 36. Kg2 a5 37. Rc2 Kb5 38. Rd2 gxf4 39. gxf4 f5 40. e5 a4
41. Rd3 axb3 42. axb3 Bxb3 43. Rxb3 Kc4 44. Rb1 b3 45. Rc1+ Kd3 46. Rc7 b2 47.
Rb7 Kc2 48. Rc7+ Kd2 49. Rb7 1/2-1/2

[Event "24th ch-EUR Indiv w 2024"]
[Site "Rhodes GRE"]
[Date "2024.04.28"]
[Round "9.38"]
[White "Follana Albelda, Lucia"]
[Black "Berend, Elvira"]
[Result "1/2-1/2"]
[BlackTitle "WGM"]
[WhiteElo "1954"]
[BlackElo "2260"]
[WhiteFideId "24516937"]
[BlackFideId "4000510"]
[EventDate "2024.04.19"]

1. e4 e5 2. Nf3 Nc6 3. Bc4 Bc5 4. d3 Nf6 5. c3 a6 6. O-O d6 7. Bb3 O-O 8. h3 h6
9. Re1 Re8 10. Nbd2 Be6 11. Nf1 Ba7 12. Be3 d5 13. Bxa7 Rxa7 14. exd5 Bxd5 15.
Bxd5 Qxd5 16. Ne3 1/2-1/2

[Event "24th ch-EUR Indiv w 2024"]
[Site "Rhodes GRE"]
[Date "2024.04.28"]
[Round "9.39"]
[White "Suleimanova, Ava"]
[Black "Khotenashvili, Bella"]
[Result "1-0"]
[WhiteTitle "WGM"]
[BlackTitle "GM"]
[WhiteElo "2139"]
[BlackElo "2454"]
[WhiteFideId "4137728"]
[BlackFideId "13602640"]
[EventDate "2024.04.19"]

1. e4 c6 2. d4 d5 3. Nc3 g6 4. h3 Bg7 5. Nf3 Nh6 6. Bd3 O-O 7. O-O f6 8. Ne2 Na6
9. exd5 cxd5 10. Bd2 Be6 11. Qc1 Nf5 12. c4 Rc8 13. c5 Bf7 14. Bxf5 gxf5 15. Ng3
Qd7 16. Bh6 b6 17. Bxg7 Kxg7 18. Qf4 e6 19. cxb6 axb6 20. a4 Rc2 21. Ra3 Rxb2
22. Nh4 Bg6 23. Re1 Nc7 24. Rc3 Rf7 25. Rec1 Ne8 26. Qb8 Re7 27. Nf3 Qd6 28. Qc8
f4 29. Nf1 Qd7 30. Qb8 Qxa4 31. Qxf4 b5 32. Ne3 Qb4 33. Ng4 Rb1 34. Qh6+ Kg8 35.
Kh2 Rxc1 36. Rxc1 Qd6+ 37. g3 Rc7 38. Ra1 Qf8 39. Qf4 h5 40. Nh4 Be4 41. Ne3 Qd6
42. Ra8 Qxf4 43. gxf4 Kf7 44. f3 Bd3 45. f5 exf5 46. Nxd5 Rd7 47. Nf4 Bc2 48.
Rb8 Nd6 49. d5 Rb7 50. Rh8 b4 51. Ne6 b3 52. Rf8+ 1-0

[Event "24th ch-EUR Indiv w 2024"]
[Site "Rhodes GRE"]
[Date "2024.04.28"]
[Round "9.40"]
[White "Hoang, Thanh Trang"]
[Black "Dwilewicz, Katarzyna"]
[Result "1-0"]
[WhiteTitle "GM"]
[BlackTitle "WFM"]
[WhiteElo "2382"]
[BlackElo "2130"]
[WhiteFideId "12400149"]
[BlackFideId "1148486"]
[EventDate "2024.04.19"]

1. d4 Nf6 2. Nf3 g6 3. Bf4 Bg7 4. e3 O-O 5. h3 d6 6. c3 Nfd7 7. Be2 e5 8. Bh2
Nc6 9. O-O f5 10. b4 e4 11. Nfd2 Qe7 12. b5 Nd8 13. c4 Ne6 14. Nc3 h6 15. Rc1
Kh7 16. Qc2 Nf6 17. Rfd1 Bd7 18. Nd5 Qf7 19. Nb3 Rae8 20. Nxf6+ Qxf6 21. d5 Ng5
22. c5 Nf7 23. Nd4 g5 24. cxd6 cxd6 25. Qc7 Re7 26. Qxb7 f4 27. Rc7 Nd8 28. Qxa7
Rff7 29. Qa3 f3 30. gxf3 exf3 31. Bd3+ Kh8 32. Qxd6 g4 33. Qxf6 Bxf6 34. d6 Re8
35. Bg6 Bxd4 36. Bxf7 Nxf7 37. Rxd7 Ng5 38. Rxd4 Rc8 39. Be5+ Kg8 40. Rg7+ Kf8
41. Rf4+ 1-0

[Event "24th ch-EUR Indiv w 2024"]
[Site "Rhodes GRE"]
[Date "2024.04.28"]
[Round "9.41"]
[White "Matnadze Bujiashvili, Ann"]
[Black "Isgenderova, Hayale"]
[Result "1/2-1/2"]
[WhiteTitle "IM"]
[BlackTitle "WIM"]
[WhiteElo "2365"]
[BlackElo "2102"]
[WhiteFideId "13601377"]
[BlackFideId "13401823"]
[EventDate "2024.04.19"]

1. d4 Nf6 2. Nf3 e6 3. c4 Bb4+ 4. Bd2 Bxd2+ 5. Qxd2 d5 6. Nc3 c6 7. e3 b6 8. Rc1
Bb7 9. Ne5 Nbd7 10. cxd5 exd5 11. f4 O-O 12. Bd3 c5 13. O-O Ne4 14. Qe2 Rc8 15.
Rf3 Qe7 16. Rh3 cxd4 17. exd4 Nxe5 18. Bxe4 dxe4 19. fxe5 f6 20. Qh5 g6 21. Qh4
Rc7 22. Re1 fxe5 23. Qxe7 Rxe7 24. Nxe4 Bxe4 25. Rxe4 Ref7 26. Rf3 Rxf3 27. gxf3
exd4 28. Kf2 Rd8 29. Ke2 d3+ 30. Kd2 Rd5 31. Re7 a5 32. Rb7 b5 33. h4 b4 34. Re7
Rf5 35. Ke3 d2 36. Rd7 Rh5 37. Rxd2 Rxh4 38. Rd7 Rh2 39. Ra7 Rxb2 40. Rxa5 Kg7
41. Kf4 h5 42. Ra7+ Kh6 43. Rb7 Rxa2 44. Rxb4 Rg2 45. Rb8 h4 46. Ke4 Kg7 47.
Rb7+ Kf6 48. Rb6+ Kg5 49. Rb5+ Kh6 50. Rb8 Re2+ 51. Kf4 Rg2 52. Ke4 1/2-1/2

[Event "24th ch-EUR Indiv w 2024"]
[Site "Rhodes GRE"]
[Date "2024.04.28"]
[Round "9.42"]
[White "Rakhmangulova, Anastasiya"]
[Black "Abrisqueta Zudaire, Leyre"]
[Result "1-0"]
[WhiteTitle "WGM"]
[BlackTitle "WFM"]
[WhiteElo "2324"]
[BlackElo "2115"]
[WhiteFideId "14117479"]
[BlackFideId "32092253"]
[EventDate "2024.04.19"]

1. e4 c5 2. Nf3 e6 3. d4 cxd4 4. Nxd4 Nf6 5. Nc3 Nc6 6. a3 d5 7. Bb5 Qc7 8. exd5
exd5 9. O-O a6 10. Re1+ Be7 11. Bg5 O-O 12. Bxf6 Bxf6 13. Nxd5 Qd6 14. Nxf6+
Qxf6 15. Bxc6 bxc6 16. b4 Bb7 17. Nb3 Rad8 18. Qe2 Qc3 19. Rad1 h6 20. h3 Bc8
21. Rxd8 Rxd8 22. Qe7 Rf8 23. Qe4 Be6 24. Re3 Qb2 25. Nd4 Bd5 26. Qf4 Rd8 27. c3
Kh7 28. Qf5+ Kh8 29. Qe5 Qb1+ 30. Kh2 Rg8 31. Nf5 Kh7 32. Rg3 f6 33. Qf4 Be4 34.
Rxg7+ 1-0

[Event "24th ch-EUR Indiv w 2024"]
[Site "Rhodes GRE"]
[Date "2024.04.28"]
[Round "9.43"]
[White "Guillo Longares, Cecilia"]
[Black "Urh, Zala"]
[Result "0-1"]
[WhiteTitle "WFM"]
[BlackTitle "WIM"]
[WhiteElo "2101"]
[BlackElo "2263"]
[WhiteFideId "32082681"]
[BlackFideId "14611481"]
[EventDate "2024.04.19"]

1. d4 Nf6 2. c4 e6 3. Nf3 d5 4. Nc3 Bb4 5. cxd5 exd5 6. Bg5 Nbd7 7. Qc2 c5 8. e3
Qa5 9. Bd3 c4 10. Bf5 O-O 11. O-O Re8 12. Nd2 g6 13. Bh3 Kg7 14. Bh4 Nb6 15.
Bxc8 Raxc8 16. e4 Nxe4 17. Ndxe4 dxe4 18. Nxe4 f5 19. Nc3 Bxc3 20. bxc3 Nd5 21.
Rab1 b6 22. Rfc1 Re6 23. f3 Rce8 24. Rb2 Nf4 25. Rcb1 Nd3 26. Rb5 Qxb5 0-1